000 00747nam a2200229 i 4500
001 81556
003 ES-MaACL
005 20230906174449.0
007 t|
008 041105s1983 fr ||||1| fre d
020 _a2-07-029405-6
100 1 _aHusserl, Edmund.
_964818
245 1 3 _aLa crise des sciences européennes et la phénoménologie transcendentale /
_cEdmund Husserl ; traduit de l'allemand et préfacé par Gérard Granel.
260 _a[Paris] :
_bGallimard,
_c[1983]
300 _aIX, 589 p. ;
_c23 cm.
490 1 _aBibliothèque de philosophie
500 _aIndices.
700 1 _aGranel, Gérard.
_959614
830 0 _aBibliothèque de philosophie
_9181442
852 _aES-MaACL
_jL-12269
_bR.115510
999 _c81556
_d81556